Every Country by Currency Banknotes Picture - Statistics

General Stats
  • This quiz has been taken 76 times
  • The average score is 113 of 142
Answer Stats
Picture Answer % Correct
Cuba
87%
Eritrea
87%
Burundi
85%
Djibouti
85%
India
85%
Japan
85%
Kuwait
85%
Mauritius
85%
Mongolia
85%
Romania
85%
Sierra Leone
85%
Turkey
85%
Andorra | Austria | Belgium | Bulgaria | Croatia | Cyprus | Estonia | Finland | France | Germany | Greece | Ireland | Italy | Kosovo | Latvia | Lithuania | Luxembourg | Malta | Monaco | Montenegro | Netherlands | Portugal | San Marino | Slovakia | Slovenia | Spain | Vatican City
83%
East Timor | Ecuador | El Salvador | Federated States of Micronesia | Marshall Islands | Palau | Panama | United States
83%
Hungary
83%
Iran
83%
Israel
83%
Jordan
83%
Kenya
83%
Lesotho
83%
Madagascar
83%
Malaysia
83%
Namibia
83%
Nepal
83%
New Zealand
83%
Nigeria
83%
Russia
83%
Ukraine
83%
United Kingdom
83%
Algeria
81%
Argentina
81%
Azerbaijan
81%
Bahrain
81%
Barbados
81%
Belize
81%
Botswana
81%
Brazil
81%
Cameroon | Central African Republic | Chad | Equatorial Guinea | Gabon | Republic of the Congo
81%
China
81%
Colombia
81%
Costa Rica
81%
Democratic Republic of the Congo
81%
Denmark
81%
Guatemala
81%
Guinea
81%
Indonesia
81%
Mauritania
81%
North Korea
81%
Norway
81%
Oman
81%
Pakistan
81%
Papua New Guinea
81%
Rwanda
81%
Samoa
81%
São Tomé and Príncipe
81%
Singapore
81%
South Africa
81%
South Korea
81%
Sweden
81%
Tunisia
81%
Turkmenistan
81%
Uganda
81%
Vanuatu
81%
Venezuela
81%
Vietnam
81%
Zimbabwe
81%
Afghanistan
79%
Angola
79%
Antigua and Barbuda | Dominica | Grenada | Saint Kitts and Nevis | Saint Lucia | Saint Vincent and the Grenadines
79%
Australia | Kiribati | Nauru | Tuvalu
79%
Brunei
79%
Canada
79%
Chile
79%
Czech Republic
79%
Dominican Republic
79%
Egypt
79%
Ethiopia
79%
Fiji
79%
Ghana
79%
Guyana
79%
Haiti
79%
Liberia
79%
Liechtenstein | Switzerland
79%
Malawi
79%
Mexico
79%
Moldova
79%
Mozambique
79%
Myanmar
79%
Paraguay
79%
Poland
79%
Qatar
79%
Seychelles
79%
Solomon Islands
79%
South Sudan
79%
Sri Lanka
79%
Taiwan
79%
Tajikistan
79%
Tanzania
79%
Thailand
79%
Trinidad and Tobago
79%
Uruguay
79%
Uzbekistan
79%
Yemen
79%
Zambia
79%
Bahamas
77%
Bangladesh
77%
Bhutan
77%
Bolivia
77%
Comoros
77%
Eswatini
77%
Gambia
77%
Honduras
77%
Jamaica
77%
Kazakhstan
77%
Libya
77%
Morocco
77%
Nicaragua
77%
Philippines
77%
Saudi Arabia
77%
Serbia
77%
Somalia
77%
Sudan
77%
Suriname
77%
Syria
77%
Tonga
77%
United Arab Emirates
77%
Albania
75%
Bosnia and Herzegovina
75%
Cape Verde
75%
Peru
75%
Belarus
74%
Laos
74%
Lebanon
74%
Benin | Burkina Faso | Guinea-Bissau | Ivory Coast | Mali | Niger | Senegal | Togo
72%
Iraq
72%
Kyrgyzstan
72%
Georgia
70%
Maldives
70%
North Macedonia
70%
Armenia
68%
Cambodia
68%
Iceland
68%
No matching quizzes found
Score Distribution
Percent of People with Each Score
Percentile by Number Answered
Your Score History
You have not taken this quiz